Sports Quiz

Random Sports or Decade Quiz
Score 0/20 Timer 04:00
0 Plays Today
% Correct
Yogi Berra
68.2%
Usain Bolt
67%
Jesse Owens
64.8%
Rocky Marciano
58%
Joe Montana
51.1%
Pele
50%
Rod Laver
50%
Tiger Woods
46.6%
Shaquille O'Neal
46.6%
Red Auerbach
46.6%
% Correct
Spud Chandler
46.6%
Johnny Weissmuller
46.6%
Bobby Orr
45.5%
Roger Federer
43.2%
Sonny Liston
43.2%
Katie Ledecky
40.9%
Wayne Gretzky
36.4%
Michael Johnson
35.2%
Mike Trout
31.8%
Mark Spitz
29.5%
Remove Ads.
Support Sporcle.
Get the best of Sporcle when you Go Orange. This ad-free experience offers more features, more stats, and more fun while also helping to support Sporcle. Thank you for becoming a member.

You're not logged in!

Compare scores with friends on all Sporcle quizzes.
OR
Log In

Show Comments

Extras

Top Quizzes Today


Score Distribution

Your Account Isn't Verified!

In order to create a playlist on Sporcle, you need to verify the email address you used during registration. Go to your Sporcle Settings to finish the process.

Report this User

Report this user for behavior that violates our Community Guidelines.

Details: